| 000 | 00653nam a2200217 4500 | ||
|---|---|---|---|
| 003 | OSt | ||
| 005 | 20240702024358.0 | ||
| 006 | a | ||
| 008 | 240702b |||||||| |||| 00| 0 eng d | ||
| 020 | _a9780521617413 | ||
| 040 |
_aDWCL-Main lib. _cOC |
||
| 082 | _aCirc. 401.43 R556i 2010 | ||
| 100 | _aRiemer, Nick | ||
| 245 | _aIntroducing semantics / | ||
| 260 |
_aNew York : _bCambridge University Press, _cc2010. |
||
| 300 |
_axv, _b460 p. : ill. ; _c25 cm. |
||
| 490 | _3Cambridge introductions to language and linguistics | ||
| 504 | _aIncludes bibliographical references & index. | ||
| 650 | _a1. Semantics. | ||
| 942 |
_2ddc _n0 _cBK-CIRC _kCirc. |
||
| 999 |
_c1768 _d1768 |
||